College Quizbowl Stats
College Quizbowl Stats
Circuits
Seasons
Sets
Records
Detailed Stats
About
Loading...
2024 ESPN @ Chicago
Tossups
Bonuses
Players
Teams
Categories (Tossup)
Categories (Bonus)
Nermeen Rahman
Chicago B
Categories
Category
Powers
Gets
Negs
BBs
Points
Earliest Buzz
Avg. Buzz
First Buzzes
Top 3 Buzzes
History - European History
1
1
0
1
25
91
119.50
0
2
Literature - Misc Literature
0
1
0
0
10
133
133.00
0
0
Philosophy
0
1
0
1
10
157
157.00
0
0
Literature - Long Fiction
0
1
1
0
5
115
115.00
0
1
History - Other History
0
0
0
0
0
0.00
0
0
Buzzes
Category
Answer
Value
Buzz Position
Literature - Long Fiction
Celie
-5
72
History - European History
Kingdom of Bulgaria
15
91
Literature - Long Fiction
Virginia Woolf
10
115
History - Other History
Eric Hobsbawm
0
126
Literature - Misc Literature
monkeys
10
133
Literature - Long Fiction
The Hour of the Star
0
142
History - Other History
Neo-Babylonian Empire
0
145
History - European History
Ostrogoths
10
148
Philosophy
pathos
10
157
Previous
1
Next